000 00400nam a2200169Ia 4500
008 221030s9999 xx 000 0 und d
020 _a0071077820
041 _aEnglish
100 _aG. Kennedy
245 0 _aElectronic Communcation Systems
_cby G. Kennedy, B. Davis
250 _a5th
260 _bTMH
_aNew Delhi
_c2012
300 _a630
650 _aECE
700 _aB. Davis
942 _cBK
999 _c14842
_d14842